| 000 | 00439nam a2200145Ia 4500 | ||
|---|---|---|---|
| 008 | 240126s9999 xx 000 0 und d | ||
| 041 | _aEnglish | ||
| 082 | _aPRME89-104 | ||
| 100 | _aShetti, Navinchandra N Bhoj, Vivek S Kurane, Milind N Talgatti, Sridhar R | ||
| 245 | 0 |
_aDesign and development of back pressure pneumatic gauge _bBadiger I K |
|
| 260 | _bKLESEC, Belgaum | ||
| 440 | _aNULL | ||
| 650 | _aPnematic gauge | ||
| 942 | _cPR | ||
| 999 |
_c256024 _d256024 |
||